Svetové jazdecké hry v Jereze de la Frontera

Bibliographic Details
Main Author: Gejmovský, Eugen, 1926-2009 (Author)
Format: Article
Language:Slovak
PhysicalDescription:Fotogr.
Subjects:

MARC

LEADER 00000nab a2200000 a 4500
001 vtls000825287
003 SK-MaSNL
005 20260302162959.0
008 140424c2002 xo 0 slo
015 |a SNBRB2003/02-05326 
035 |a CLN000176942 
040 |a SNKBUCL  |b slo  |c SNKBUCL  |e AACR2 
041 0 |a slo 
044 |a xo  |c SK 
080 |a 798.2.093.1(100)  |2 1997 
100 1 |a Gejmovský, Eugen,  |d 1926-2009  |4 aut  |9 212394 
245 1 0 |a Svetové jazdecké hry v Jereze de la Frontera  |c Eugen Gejmovský 
300 |b Fotogr. 
611 1 7 |a Svetové jazdecké hry  |d 2002  |c Jerez de la Frontera, Španielsko  |2 snkbucl  |9 863531 
650 0 7 |a jazdectvo  |2 snkbucl  |9 3225 
655 7 |a články z novín a časopisov  |2 snkbucl  |9 267496 
773 0 |t Jazdectvo  |g Roč. 7, č. 6 (2002), s. 10-12 
850 |a Slovenská národná knižnica v Martine 
852 |a SNK  |b KIS3GCP 
958 |a ES 
992 |a RBX 
999 |c 1381921  |d 1383851